000 00701nam a2200241 a 4500
001 45975
003 BD-RjUL
005 20211209054107.0
008 160730s1962 nyu 000 0 eng
035 _a(BD-RjUL)46093
040 _aDLC
_cWSU
_dSER
_dDAY
_dBD-RjUL
_beng
041 _aeng
082 _a341.67
_223
_bBUP 1962
100 1 _aBurton, John W.
_q(John Wear),
_d1915-2010.
_9140584
245 1 0 _aPeace theory:
_bpreconditions of disarmament /
_cBy John. W. Burton
250 _a1st ed.
260 _aNew York :
_bKnopf,
_cc1962.
300 _a200 p. ;
_c22 cm.
650 0 _aInternational relations.
_9140585
650 0 _aPeace.
_9140586
650 0 _aDisarmament.
_9140587
942 _2ddc
_cBK
999 _c45975
_d45975